[Event "GER-ch U25 op-B"]
[Site "Willingen"]
[Date "2024.05.23"]
[Round "7"]
[White "Paepke, Aaron"]
[Black "Symanski, Linda"]
[Result "0-1"]
[WhiteElo "1322"]
[BlackElo "1542"]
[PlyCount "78"]
[EventDate "2024.05.19"]
[EventType "swiss"]
[EventRounds "9"]
[EventCountry "GER"]
[SourceTitle "EXT 2025"]
[Source "ChessBase"]
[SourceDate "2024.10.14"]
[SourceVersion "1"]
[SourceVersionDate "2024.10.14"]
[SourceQuality "1"]

1. c4 Nf6 2. g3 c6 3. d4 d5 4. cxd5 cxd5 5. Nc3 Nc6 6. Bg2 Bg4 7. Nf3 e6 8. Bg5 Be7 9. 0-0 Bxf3 10. Bxf3 Qb6 11. Qd2 Qxd4 12. Qxd4 Nxd4 13. Bg2 0-0 14. Rac1 Rac8 15. Rfd1 Rxc3 16. Rxc3 Nxe2+ 17. Kf1 Nxc3 18. bxc3 Rc8 19. Rc1 h6 20. Bxf6 Bxf6 21. Ke2 Rxc3 22. Rxc3 Bxc3 23. Kd3 Bf6 24. f4 Kf8 25. f5 Ke7 26. g4 Kd6 27. Ke3 Kc5 28. fxe6 fxe6 29. Bf1 Kb4 30. Bd3 Ka3 31. Bg6 Kxa2 32. Bf7 d4+ 33. Kd3 Kb2 34. Bxe6 a5 35. Bd7 Ka3 36. Kc4 g5 37. Kb5 d3 38. Kxa5 b6+ 39. Kb5 d2 0-1